Statistics for Minnesota Basketball: Top 10 All-Time Leaders

Click here to take the quiz!

General Stats

  • This quiz has been taken 8 times
    (1 since last reset)
  • The average score is 91 of 91

Answer Stats

Category#PlayerAmount% Correct
Steals3Al Nolen205
100%
Assists6Al Nolen394
100%
Games2Andre Hollins140
100%
Assists8Andre Hollins359
100%
Three Pointers Made3Andre Hollins274
100%
Points6Andre Hollins1,765
100%
Points Per Game10Archie Clark16.7
100%
Assists1Arriel McDonald547
100%
StealsT10Arriel McDonald163
100%
Three Pointers Made6Austin Hollins181
100%
Games1Austin Hollins141
100%
Steals2Austin Hollins213
100%
Three Pointers Made1Blake Hoffarber279
100%
GamesT6Blake Hoffarber132
100%
Blocks9Bob Martin146
100%
Points Per Game6Clyde Turner18.4
100%
Steals4Damian Johnson195
100%
Blocks3Damian Johnson191
100%
Assists10Dupree McBrayer332
100%
Field Goal Percent5Dusty Rychart51.9%
100%
Rebounds10Dusty Rychart732
100%
Games3Elliott Eliason139
100%
Blocks8Elliott Eliason151
100%
Assists4Eric Harris433
100%
GamesT6Eric Harris132
100%
Steals5Eric Harris194
100%
Three Pointers Made7Gabe Kalscheur180
100%
Points Per Game9George Kline16.8
100%
GamesT9Jamal Abu-Shamala128
100%
Blocks7Jeff Hagan153
100%
Rebounds4Jim Brewer907
100%
Blocks5Joel Przybilla165
100%
Rebounds1Jordan Murphy1,035
100%
Points3Jordan Murphy1,802
100%
Games5Jordan Murphy133
100%
Field Goal Percent10Jordan Murphy49.5%
100%
Assists3Kevin Burleson440
100%
Rebounds3Kevin McHale950
100%
Field Goal Percent4Kevin McHale55.3%
100%
Points9Kevin McHale1,704
100%
Rebounds9Larry Mikan735
100%
Three Pointers Made10Lawrence McKenzie157
100%
Points Per Game2Lou Hudson20.4
100%
Assists9Marcus Carr344
100%
Points Per Game7Marcus Carr17.4
100%
Field Goal Percent3Mark Hall56.2%
100%
Rebounds6Mel Northway841
100%
Assists7Melvin Newbern369
100%
Steals1Melvin Newbern215
100%
Three Pointers Made5Mike Bauer191
100%
Blocks6Mike Bauer157
100%
Field Goal Percent2Mychal Thompson56.7%
100%
Rebounds2Mychal Thompson956
100%
Points Per Game1Mychal Thompson20.8
100%
Points2Mychal Thompson1,992
100%
StealsT10Nate Mason163
100%
Three Pointers Made4Nate Mason212
100%
Assists2Nate Mason512
100%
Points7Nate Mason1,731
100%
Field Goal Percent8Osborne Lockhart50.3%
100%
Steals6Quincy Lewis179
100%
Points10Quincy Lewis1,614
100%
Blocks2Ralph Sampson203
100%
Points5Randy Breuer1,777
100%
Field Goal Percent1Randy Breuer57.0%
100%
Blocks1Randy Breuer228
100%
Rebounds8Randy Carter736
100%
Field Goal Percent7Randy Carter50.8%
100%
Points Per Game5Ray Williams18.9
100%
Blocks4Reggie Lynch180
100%
Rebounds5Richard Coffey904
100%
Games4Rodney Williams134
100%
Blocks10Rodney Williams141
100%
Rebounds7Ron Johnson820
100%
Points Per Game3Ron Johnson19.6
100%
Points8Sam Jacobson1,709
100%
Three Pointers Made8Sam Jacobson173
100%
Games8Sam Jacobson130
100%
Points Per Game4Tom Kondla19.0
100%
GamesT9Townsend Orr128
100%
Three Pointers Made9Townsend Orr163
100%
StealsT7Townsend Orr173
100%
Assists5Townsend Orr401
100%
Field Goal Percent9Trent Tucker49.9%
100%
Steals9Trent Tucker164
100%
Points Per Game8Vincent Grier16.9
100%
Three Pointers Made2Voshon Lenard276
100%
StealsT7Voshon Lenard173
100%
Points1Voshon Lenard2,103
100%
Field Goal Percent6Willie Burton51.1%
100%
Points4Willie Burton1,800
100%

Score Distribution

Percentile by Number Answered

Percent of People with Each Score

Your Score History

You have not taken this quiz since the last reset